|
|
|
|
| LEADER |
00830nab a2200205 i 4500 |
| 001 |
misc7845 |
| 005 |
20191106144025.0 |
| 008 |
170607s1903 hu o 0|| hun d |
| 022 |
|
|
|a 0025-0260
|
| 040 |
|
|
|a SZTE Miscellanea Repozitórium
|b hun
|
| 041 |
|
|
|a hun
|
| 100 |
1 |
|
|a Bihari Ferenc
|
| 245 |
1 |
3 |
|a Az emlékezet betegségei, írta Ribot, Th. ; a 12. kiadás után fordította Dáni Ede
|h [elektronikus dokumentum] :
|b [könyvismertetés] /
|c Bihari Ferenc
|
| 260 |
|
|
|c 1903
|
| 300 |
|
|
|a 51-53
|
| 490 |
0 |
|
|a Magyar pedagógia : a Magyar Tudományos Akadémia Pedagógiai Bizottságának folyóirata
|v 12
|
| 695 |
|
|
|a Emlékezet pszichológia, Pszichológia könyvismertetés, Pszichológia
|
| 700 |
0 |
1 |
|a Ribot Théodule
|
| 700 |
0 |
1 |
|a Dáni Ede
|
| 856 |
4 |
0 |
|u http://misc.bibl.u-szeged.hu/7845/1/mp_1903_0855_051-053.pdf
|z Dokumentum-elérés
|